| 000 | 02621nam0a2200385 4500 | ||
|---|---|---|---|
| 001 | RU\NLR\BIBL_A\012814727 | ||
| 005 | 20220927154353.0 | ||
| 010 |
_a978-5-907483-39-2 _9500 |
||
| 021 |
_aRU _bКН-П-22-017825 _9КН-П-22-1536 |
||
| 035 | _a(NLR Aleph) 012814727 | ||
| 035 | _a(RuMoRGB)011016833 | ||
| 090 |
_a13218966 _c13218966 |
||
| 100 | _a20220609d2022 u y0rusy50 ca | ||
| 101 | 0 | _arus | |
| 102 | _aRU | ||
| 105 | _aa z 000zy | ||
| 181 | 0 |
_ai3 _baxxe |
|
| 182 | 0 | _an | |
| 200 | 1 |
_aВМесте _eизбранные интервью _f[Союз охраны психического здоровья _gредактор: Е. Ножникова] |
|
| 203 |
_aТекст _bвизуальный _cнепосредственный |
||
| 210 |
_aМосква _cГородец _d2022 |
||
| 215 |
_a233, [4] с. _cил. _d22 |
||
| 330 | _aГости проекта <вМесте> рассказывают о своем подростковом возрасте - детстве, взрослении, трудностях, первой любви, дружбе, предательствах. У каждого из них есть максимально искренняя история и свой опыт: болезненный, хрустный, удачный. Они не похожи друг на друга, но объединяет их одно - желание поделиться с теми, кто сейчас находится в трудной ситуации, помочь поверить в себя. На своем примере показать, как можно пережить сложные жизненные ситуации и найти в себе силы двигаться дальше. Потому что вместе справляться с трудностями гораздо легче, чем в одиночку | ||
| 333 | _a16+ | ||
| 606 | 1 |
_aИскусство _xИнтервью _yРоссийская Федерация _92100421 _3RU\NLR\AUTH\661573979 |
|
| 606 | 1 |
_aПодростки _jПопулярные издания _xКризисные ситуации _xСоциально-психологические исследования _92458197 _3RU\NLR\AUTH\661460940 |
|
| 686 | 1 | _aЩ03(2Р=Рус)7,1 | |
| 686 | 1 | _aЮ93-68я9 | |
| 686 | 1 | _aЮ936.1я9 | |
| 702 | 1 |
_aНожникова _bЕ. _4340 |
|
| 712 | 0 | 2 |
_4570 _aСоюз охраны психического здоровья _cМосква _9802249 _3RU\NLR\AUTH\880567849 |
| 942 | _cBOOK | ||
| 980 | _aNB | ||